[Event "AUTO-INT-2997"]
[Site "http://www.queenalice.com/game.php?id=1359242"]
[Date "2015.5.12"]
[Round "1"]
[White "myouga"]
[Black "tango2011"]
[Result "0-1"]
[WhiteElo "1596"]
[BlackElo "1528"]

1. e3 d5 2. d3 e6 3. Bd2 Nf6 4. Be2 Be7 5. b4 O-O 6. Nf3 c6 7. Bc3 Nbd7 8. d4
Ne4 9. Ne5 Nxc3 10. Nxc3 Bxb4 11. Qd2 Qg5 12. g3 Nxe5 13. dxe5 Qxe5 14. O-O Bxc3
15. Qd1 Bxa1 16. Qxa1 Qxa1 17. Rxa1 Bd7 18. Rb1 b5 19. a3 a5 20. h4 e5 21. c3
Bf5 22. Rb2 Rab8 23. g4 Be6 24. f3 h6 25. h5 g6 26. hxg6 fxg6 27. Kg2 Rf7 28.
Bd3 Kg7 29. e4 d4 30. cxd4 exd4 31. Kg3 Rfb7 32. Rc2 Bd7 33. e5 b4 34. axb4 Rxb4
35. Re2 Rb3 36. Bc4 Rc3 37. Ba2 Re8 38. e6 Bc8 39. e7 d3 40. Re5 Ra3 41. Be6
Rxe7 42. g5 hxg5 43. Rxg5 Rxe6 44. Kg4 Re5+ 45. Kf4 Rxg5 46. Kxg5 d2 47. f4 d1=Q
48. Kh4 Qh5# 0-1

[Event "AUTO-INT-2997"]
[Site "http://www.queenalice.com/game.php?id=1359243"]
[Date "2015.5.12"]
[Round "1"]
[White "tango2011"]
[Black "myouga"]
[Result "1-0"]
[WhiteElo "1616"]
[BlackElo "1585"]

1. g3 e6 2. Bg2 Qf6 3. d4 c5 4. dxc5 Bxc5 5. e3 Ne7 6. Ne2 Nf5 7. O-O O-O 8. a3
a5 9. Bd2 Qxb2 10. Nbc3 Qb5 11. Nxb5 1-0

[Event "AUTO-INT-2997"]
[Site "http://www.queenalice.com/game.php?id=1359244"]
[Date "2015.5.12"]
[Round "1"]
[White "myouga"]
[Black "Cesar"]
[Result "1-0"]
[WhiteElo "1590"]
[BlackElo "1346"]

1. e3 c5 2. Bc4 d6 3. Qf3 Nf6 4. h3 Nc6 5. Nc3 e5 6. Bd5 Bd7 7. Nge2 Be7 8. Ng3
Qc7 9. Nh5 O-O-O 10. Nxg7 Rhg8 11. Nh5 Nxh5 12. Qxh5 Nb4 13. Qd1 Nxd5 14. Nxd5
Qa5 15. Nxe7+ Kb8 16. Nxg8 Rxg8 17. Qf3 f5 18. Qd5 Bc6 19. Qxg8+ Kc7 20. O-O Kb6
21. Qd8+ Ka6 22. Qxd6 e4 23. a3 Kb6 24. b4 cxb4 25. Qxb4+ Qxb4 26. axb4 Bb5 27.
Re1 Kc6 28. Rxa7 Ba6 29. d3 exd3 30. cxd3 Bxd3 31. Bd2 Kb6 32. Ra5 1-0

[Event "AUTO-INT-2997"]
[Site "http://www.queenalice.com/game.php?id=1359245"]
[Date "2015.5.12"]
[Round "1"]
[White "Cesar"]
[Black "myouga"]
[Result "1-0"]
[WhiteElo "1392"]
[BlackElo "1623"]

1. e4 e6 2. Nf3 d6 3. Bc4 Bd7 4. a3 b5 5. Ba2 Qf6 6. Nc3 Qg6 7. O-O Nf6 8. d3
Nh5 9. Nh4 Qf6 10. g3 g5 11. Qxh5 gxh4 12. Bg5 Qg6 13. Qxh4 Nc6 14. Nxb5 Rc8 15.
f4 a6 16. Nc3 Bg7 17. Rf2 h6 18. f5 Qxg5 19. Qxg5 hxg5 20. fxe6 fxe6 21. Raf1
Ne5 22. d4 Ng4 23. Rd2 Rb8 24. h3 Rxh3 25. Rf3 Rxb2 26. Bc4 c5 27. d5 Bxc3 28.
Rxc3 Rb1+ 29. Kg2 Rh2+ 30. Kf3 Rxd2 31. Kxg4 e5+ 32. Kxg5 Rd4 33. Bd3 Bb5 34.
Kf6 c4 35. Ke6 cxd3 36. Rc8# 1-0

[Event "Let's Play Chess!"]
[Site "http://www.queenalice.com/game.php?id=1496716"]
[Date "2017.9.28"]
[Round "-"]
[White "attib"]
[Black "myouga"]
[Result "0-1"]
[WhiteElo "1373"]
[BlackElo "1573"]

1. e4 e6 2. d4 Qf6 3. Nc3 Bb4 4. Nf3 Bxc3+ 5. bxc3 d6 6. Bb5+ c6 7. Bc4 Ne7 8.
Bg5 Qg6 9. O-O f6 10. Bh4 O-O 11. Bd3 Qh5 12. Qb1 b5 13. Qb4 Rd8 14. Qa5 Rf8 15.
Qc7 Qf7 16. Qxd6 a5 17. Qg3 g6 18. e5 Nd5 19. c4 bxc4 20. Bxc4 Nc3 21. Bd3 Ba6
22. Bxf6 Bxd3 23. Ng5 Ne2+ 0-1

[Event "watch?v=vBKmFroLffY"]
[Site "http://www.queenalice.com/game.php?id=1596925"]
[Date "2020.1.21"]
[Round "-"]
[White "zubarev"]
[Black "myouga"]
[Result "0-1"]
[WhiteElo "1650"]
[BlackElo "1655"]

1. a3 e6 2. e4 Qf6 3. Nc3 Bc5 4. Qe2 b6 5. Nf3 Ba6 6. d3 Nh6 7. Bd2 Ng4 8. Be3
Nc6 9. Bxc5 bxc5 10. Qd2 Nd4 11. Nxd4 cxd4 12. Nd1 O-O 13. Qe2 Qf4 14. h3 Ne5
15. Qd2 Qh4 16. Be2 Rab8 17. O-O Ng6 18. f4 Rb5 19. f5 exf5 20. exf5 Ne5 21. Nf2
Bb7 22. Ne4 Rxb2 23. f6 g6 24. Rf4 Qh6 25. Raf1 d5 26. Nc5 Nc6 27. Qe1 Nd8 28.
Rh4 Qe3+ 29. Kh2 Bc8 30. Rf3 Qe5+ 31. Rg3 Rxc2 32. Qa1 Rxc5 33. Qf1 Nb7 0-1

[Event "Balaji Dusane"]
[Site "http://www.queenalice.com/game.php?id=1596926"]
[Date "2020.1.21"]
[Round "-"]
[White "myouga"]
[Black "zubarev"]
[Result "1-0"]
[WhiteElo "1638"]
[BlackElo "1667"]

1. e3 e5 2. Qf3 Nf6 3. Bd3 e4 4. Bxe4 Nxe4 5. Qxe4+ Be7 6. Nf3 O-O 7. b4 d5 8.
Qd4 Bf6 9. Ne5 Nc6 10. Qc3 Bxe5 11. d4 Bd6 12. a3 f5 13. b5 Ne7 14. a4 Ng6 15.
O-O Be6 16. Ba3 Bxa3 17. Nxa3 Qd6 18. Qc5 Qxc5 19. dxc5 f4 20. exf4 Nxf4 21.
Rfe1 Rae8 22. c3 Rf6 23. Nc2 Rff8 24. Rad1 Bf5 25. Ne3 Bg6 26. g3 Nd3 27. Rf1
Be4 28. f3 Bg6 29. Nxd5 Nxc5 30. Nxc7 Re2 31. a5 b6 32. axb6 axb6 33. Nd5 Rc2
34. Nxb6 Rxc3 35. Rb1 1-0

[Event "Let's Play Chess!"]
[Site "http://www.queenalice.com/game.php?id=1596965"]
[Date "2020.1.22"]
[Round "-"]
[White "charles31"]
[Black "myouga"]
[Result "1/2-1/2"]
[WhiteElo "1758"]
[BlackElo "1673"]

1. e4 e6 2. d4 Qf6 3. e5 Qe7 4. Nc3 b6 5. Nf3 Bb7 6. Be2 Bxf3 7. Bxf3 c6 8. h4
Na6 9. a3 Nc7 10. Be3 d5 11. Bg5 Qd7 12. h5 h6 13. Bh4 Be7 14. Bxe7 Qxe7 15. Qd2
c5 16. dxc5 bxc5 17. g3 Qd7 18. g4 Rb8 19. b3 d4 20. Na4 Qb5 21. Be2 Qc6 22. f3
Qd5 23. Kf2 Qxe5 24. Kg2 Ne7 25. c4 Rxb3 26. Rhe1 O-O 27. Bd3 Qd6 28. Re4 Nc6
29. Bc2 Rbb8 30. Rb1 Rbc8 31. f4 Qd8 32. Nxc5 Ne8 33. Qd3 Nf6 34. Nxe6 fxe6 35.
Rxe6 Qd7 36. Rbe1 Rce8 37. Rxe8 Rxe8 38. Rxe8+ Qxe8 39. Ba4 Nxg4 40. Bxc6 Qxc6+
41. Kg3 Nf6 42. Qxd4 Nxh5+ 43. Kf2 Qa4 44. Qd5+ Kh8 45. Qxh5 Qxc4 46. Qf3 a5 47.
f5 Qc5+ 48. Kg3 Qe5+ 49. Kh3 a4 50. Kg4 Qf6 51. Qf4 Qg5+ 52. Qxg5 hxg5 53. Kxg5
Kg8 54. Kg6 Kf8 55. f6 gxf6 56. Kxf6 Ke8 57. Ke6 Kf8 58. Kd5 Ke7 59. Kc5 Ke6 60.
Kb4 Kd5 61. Kxa4 Kc5 62. Ka5 Kc4 63. a4 Kc5 64. Ka6 Kc6 65. Ka7 Kc5 66. a5 Kc6
67. a6 Kc7 68. Ka8 Kc8 69. Ka7 Kc7 70. Ka8 Kb6 71. a7 Kc7 1/2-1/2

[Event "Let's Play Chess!"]
[Site "http://www.queenalice.com/game.php?id=1596966"]
[Date "2020.1.22"]
[Round "-"]
[White "myouga"]
[Black "charles31"]
[Result "1-0"]
[WhiteElo "1618"]
[BlackElo "1724"]

1. e3 e5 2. Qf3 d6 3. Bc4 Nf6 4. Nc3 a6 5. Nge2 Nc6 6. Bd5 Nxd5 7. Nxd5 Be6 8.
c4 Nb4 9. Nxb4 Bxc4 10. d3 Bb5 11. Qxb7 Be7 12. a4 Rb8 13. Qd5 c6 14. Nxc6 Bxc6
15. Qxc6+ Qd7 16. Qxa6 O-O 17. O-O h5 18. Nc3 d5 19. Qa5 Ra8 20. Qxd5 Qf5 21. e4
Qf6 22. Be3 Rfd8 23. Qc4 Rac8 24. Qa2 Rxd3 25. Nd5 Qd6 26. a5 f5 27. Nb6+ Kf8
28. Nxc8 Qd7 29. Nb6 Qb7 30. a6 1-0

[Event "Challenge"]
[Site "http://www.queenalice.com/game.php?id=1597078"]
[Date "2020.1.22"]
[Round "-"]
[White "Bigchess"]
[Black "myouga"]
[Result "0-1"]
[WhiteElo "1680"]
[BlackElo "1612"]

1. e4 e6 2. d4 c6 3. f4 b6 4. Nf3 Bb4+ 5. c3 Bd6 6. Be2 Nh6 7. e5 Bc7 8. O-O O-O
9. Be3 Ng4 10. Bf2 d6 11. Nbd2 dxe5 12. fxe5 c5 13. Ne4 Bb7 14. Neg5 Bxf3 15.
Nxf3 Nc6 16. dxc5 bxc5 17. Bxc5 Bb6 18. Bxb6 Qxb6+ 19. Nd4 Ne3 20. Qe1 Nxf1 21.
Qxf1 Nxe5 22. Kh1 Qxb2 23. Qe1 Rac8 24. Nf3 Ng4 25. Ng5 Ne3 26. Bf3 Nc2 0-1

[Event "Challenge"]
[Site "http://www.queenalice.com/game.php?id=1597079"]
[Date "2020.1.22"]
[Round "-"]
[White "myouga"]
[Black "Bigchess"]
[Result "0-1"]
[WhiteElo "1631"]
[BlackElo "1712"]

1. e3 e5 2. Qf3 Nc6 3. Bc4 f5 4. Qxf5 d5 5. Qh5+ g6 6. Qf3 dxc4 7. Nc3 Qe7 8.
Nd5 Qd6 9. Ne2 Be6 10. Nf6+ Nxf6 11. Qxf6 Rg8 12. Nc3 Be7 13. Qf3 O-O-O 14. b3
cxb3 15. axb3 h5 16. Nb5 Qc5 17. c4 Bg4 18. Qe4 Bf8 19. Ba3 Qb6 20. Qc2 Bg7 21.
Bb2 Bf5 22. e4 Bd7 23. O-O a6 24. Nc3 Nd4 25. Qd3 Nxb3 26. Nd5 Qc5 27. Qxb3 Bc6
28. Ne3 Rxd2 29. Bc1 Rdd8 30. f3 g5 31. Ba3 Qa7 32. Be7 Rd7 33. Bxg5 Bh8 34. Bh4
Bg7 35. Bf2 Qc5 36. Nf5 Qf8 37. Nh4 Bh6 38. Qc3 Bf4 39. g3 Qe7 40. Nf5 Qg5 41.
Be3 Bxe3+ 42. Nxe3 h4 43. g4 h3 44. Ra5 Re8 45. Qe1 Rd3 46. Nf5 Qf4 47. Nh4 Rd2
48. Rf2 Rd4 49. Rc5 Ba4 50. Qa5 Rd1+ 51. Rf1 Qe3+ 52. Kh1 Rxf1# 0-1

[Event "Let's Play Chess!"]
[Site "http://www.queenalice.com/game.php?id=1598716"]
[Date "2020.2.8"]
[Round "-"]
[White "Francisco333"]
[Black "myouga"]
[Result "0-1"]
[WhiteElo "1100"]
[BlackElo "1671"]

1. e4 e6 2. Nf3 Qf6 3. Bd3 Bc5 4. O-O Nh6 5. Qe2 O-O 6. Nc3 b6 7. h3 Nc6 8. Bb5
Nb4 9. Qd1 a6 10. Ba4 b5 11. d3 bxa4 12. Bg5 Qg6 13. Bd2 f6 14. Nxa4 d6 15. Be3
Bxe3 16. fxe3 d5 17. a3 dxe4 18. axb4 exf3 19. Qxf3 Rb8 20. d4 Bb7 21. Qd1 Qxg2#
0-1

[Event "Let's Play Chess!"]
[Site "http://www.queenalice.com/game.php?id=1600302"]
[Date "2020.2.22"]
[Round "-"]
[White "LOMBARDY"]
[Black "myouga"]
[Result "1-0"]
[WhiteElo "2183"]
[BlackElo "1676"]

1. d4 e6 2. e4 b6 3. Nf3 Bb7 4. Nbd2 Nf6 5. Bd3 Nh5 6. Nf1 Nf6 7. Ng3 Bd6 8. e5
Bb4+ 9. c3 Nd5 10. cxb4 Nxb4 11. Bb1 c5 12. a3 N4c6 13. dxc5 bxc5 14. Ne4 Qe7
15. Nd6+ Kf8 16. Be3 Ba6 17. Bxc5 Qd8 18. Nb7+ 1-0

[Event "Let's Play Chess!"]
[Site "http://www.queenalice.com/game.php?id=1601108"]
[Date "2020.3.3"]
[Round "-"]
[White "igorjava"]
[Black "myouga"]
[Result "1-0"]
[WhiteElo "1921"]
[BlackElo "1645"]

1. e4 e6 2. d4 Qf6 3. Nf3 b6 4. c4 c6 5. e5 Qg6 6. a3 a5 7. g3 Bb7 8. Bd3 Qh5 9.
O-O c5 10. Nbd2 cxd4 11. Nxd4 Qxe5 12. N4f3 Qd6 13. Qe2 Nc6 14. Ne4 Qc7 15. Bf4
d6 16. c5 bxc5 17. Nxc5 e5 18. Nxb7 Qxb7 19. Bc1 Nf6 20. Bg5 Nd7 21. Be4 Nc5 22.
Bd5 h6 23. Be3 Nd7 24. Rfc1 Ndb8 25. Rc2 Be7 26. Rac1 Ra6 27. Nd2 Qd7 28. Bc4
Ra8 29. Bb5 O-O 30. Bxc6 Nxc6 31. Rxc6 d5 32. Rc7 1-0

[Event "Let's Play Chess!"]
[Site "http://www.queenalice.com/game.php?id=1601498"]
[Date "2020.3.3"]
[Round "-"]
[White "Francisco333"]
[Black "myouga"]
[Result "0-1"]
[WhiteElo "1003"]
[BlackElo "1674"]

1. e4 e6 2. Nc3 Qf6 3. d4 Bb4 4. a3 Bxc3+ 5. bxc3 Qg6 6. Qd3 b6 7. Be3 Bb7 8.
O-O-O Bxe4 9. f3 Bxd3 10. cxd3 Qf5 11. Nh3 Qa5 12. Kc2 Ne7 13. Bg5 Nd5 14. Be2
Qxc3+ 15. Kb1 Qxa3 16. Bc1 Qb3+ 17. Bb2 Nc3+ 18. Ka1 Qa2# 0-1

[Event "Let's Play Chess!"]
[Site "http://www.queenalice.com/game.php?id=1602113"]
[Date "2020.3.10"]
[Round "-"]
[White "charles31"]
[Black "myouga"]
[Result "1-0"]
[WhiteElo "1690"]
[BlackElo "1660"]

1. e4 e6 2. d4 d6 3. Nf3 Be7 4. a3 Nf6 5. Nc3 O-O 6. Bc4 a6 7. h3 b5 8. Ba2 Bb7
9. Qe2 Nh5 10. d5 e5 11. Be3 c5 12. Nxe5 dxe5 13. Qxh5 b4 14. axb4 cxb4 15. Na4
Nd7 16. O-O Nf6 17. Qxe5 Bd6 18. Qd4 Qe8 19. Nc5 Bxc5 20. Qxc5 Qxe4 21. Rfe1
Rac8 22. Qd4 Qxc2 23. Qxb4 Bxd5 24. Bb1 Qc7 25. Bf5 Rb8 26. Qh4 a5 27. Bd4 g6
28. Bxf6 Qd6 29. Bxg6 fxg6 30. Be5 Qb4 31. Qxb4 Rxb4 32. Rxa5 Bb7 33. Bc3 1-0

[Event "Let's Play Chess!"]
[Site "http://www.queenalice.com/game.php?id=1602114"]
[Date "2020.3.10"]
[Round "-"]
[White "myouga"]
[Black "charles31"]
[Result "0-1"]
[WhiteElo "1676"]
[BlackElo "1669"]

1. e3 e5 2. Nf3 d6 3. b3 a6 4. Bc4 h6 5. a4 Be6 6. Qe2 Qd7 7. Nc3 Nc6 8. Bd5
Bxd5 9. Nxd5 Nce7 10. Nxe7 Bxe7 11. d3 Nf6 12. O-O O-O 13. e4 d5 14. Nxe5 Qe8
15. exd5 Bd6 16. Bf4 Nxd5 17. Bg3 Bxe5 18. Qxe5 Qxe5 19. Bxe5 f6 20. Bg3 b5 21.
a5 c5 22. c4 bxc4 23. bxc4 Nb4 24. Bd6 Rfc8 25. d4 Nc2 26. Rac1 Nxd4 27. Rfd1
Ne2+ 0-1